000 00748nam a2200229Ia 4500
008 191130s2006##################000#0#eng##
020 _a9780141019017
022 _a2009417561
040 _aACL
_cACL
082 _a330 LEV
100 _aLevitt, Steven D
245 _aFreakonomics : a rogue economist explores the hidden side of everything
_cSteven D. Levitt & Stephen J. Dubner
260 _aLondon
_bPenguin
_c2006
300 _axxvi, 320 p. ; 21 cm
500 _aIncludes bibliographical references and index
650 _aEconomics - Psychological aspects
650 _aEconomics - Sociological aspects
700 _aDubner, Stephen J
990 _a38dc994eac10000c09f16fe526830e79
991 _a24131
999 _c188137
_d188137